Lízing
Charakteristika a právna úprava lízingu. Operatívny lízing v jednoduchom a podvojnom účtovníctve. Finančný lízing z pohľadu účtovníctva, dane z príjmov a dane z pridanej hodnoty. Iustračné príklady.
Saved in:
| Main Author: | |
|---|---|
| Format: | Book Chapter |
| Language: | Slovak |
| Subjects: | |
| Tags: |
No Tags, Be the first to tag this record!
|
MARC
| LEADER | 00000naa$a2200000$$$4500 | ||
|---|---|---|---|
| 001 | 0052535 | ||
| 005 | 20231114095120.4 | ||
| 041 | 0 | |a slo | |
| 044 | |a SK | ||
| 245 | 1 | 0 | |a Lízing |c Dušan Dobšovič |
| 520 | |a Charakteristika a právna úprava lízingu. Operatívny lízing v jednoduchom a podvojnom účtovníctve. Finančný lízing z pohľadu účtovníctva, dane z príjmov a dane z pridanej hodnoty. Iustračné príklady. | ||
| 610 | 2 | 0 | |a lízing operatívny |
| 610 | 2 | 0 | |a lízing finančný |
| 610 | 2 | 0 | |a účtovníctvo jednoduché |
| 610 | 2 | 0 | |a účtovníctvo podvojné |
| 610 | 2 | 0 | |a dane z hodnoty pridanej |
| 610 | 2 | 0 | |a dane z príjmov |
| 610 | 2 | 0 | |a nájomcovia |
| 610 | 2 | 0 | |a prenájom |
| 610 | 2 | 0 | |a odpisy |
| 100 | 1 | |a Dobšovič, Dušan | |